Catalog

Record Details

Catalog Search



Available copies

  • 1 of 2 copies available at LARL/NWRL Consortium.
  • 1 of 2 copies available at Lake Agassiz Regional Library. (Show preferred library)

Current holds

0 current holds with 2 total copies.

Show Only Available Copies
Location Call Number / Copy Notes Barcode Shelving Location Status Due Date
McIntosh Public Library J RIT (Text) 33500014230395 New Available -
Moorhead Public Library J RIT (Text) 33500014230387 New Checked out 07/07/2026

Record details

  • ISBN: 9780063348578
  • ISBN: 0063348578
  • Physical Description: 306 pages ; 22 cm
  • Edition: First edition.
  • Publisher: New York, NY : Storytide, is an imprint of HarperCollins Publishers, [2025]

Content descriptions

Summary, etc.:
"Half-siren Elvira Vance doesn't trust outsiders. ... Read More
Target Audience Note:
Ages 8-12.
Grades 3-7.
Subject: Sirens (Mythology) > Juvenile fiction.
Chupacabras > Juvenile fiction.
Missing persons > Juvenile fiction.
Theft > Juvenile fiction.
Crowns > Juvenile fiction.
Genre: Detective and mystery fiction.
Fantasy fiction.
Novels.
LDR 02570cam a22004811i 4500
001466793
003LARL_NWRL_CONSORTIUM
00520250721201248.0
008250407t20252025nyu j 000 1 eng d
040 . ‡aIG# ‡beng ‡erda ‡cIG# ‡dDYJ ‡dOCLCQ ‡dJST ‡dOCO ‡dOCLCO ‡dGO3 ‡dJTH
020 . ‡a9780063348578 ‡q(hardcover)
020 . ‡a0063348578 ‡q(hardcover)
035 . ‡a(OCoLC)1513532405
08204. ‡a813.6 ‡223
1001 . ‡aRitter, Kacy, ‡eauthor.
24510. ‡aElvira Vance and the monster mystery / ‡cKacy Ritter.
250 . ‡aFirst edition.
264 1. ‡aNew York, NY : ‡bStorytide, is an imprint of HarperCollins Publishers, ‡c[2025]
264 4. ‡c©2025
300 . ‡a306 pages ; ‡c22 cm
336 . ‡atext ‡btxt ‡2rdacontent
337 . ‡aunmediated ‡bn ‡2rdamedia
338 . ‡avolume ‡bnc ‡2rdacarrier
520 . ‡a"Half-siren Elvira Vance doesn't trust outsiders. Especially not the human detective who's been hired to investigate the disappearances of a chupacabra and the crown for the Marfa Monster Festival. While humans are convinced the monster skipped town with the crown, Elvira knows there's more to the story. As the daughter of Vince Vance--founder of Vince Vance's Vintage Trailer Park Inn for Monsters--Elvira cares too much about her home to let this mystery go unsolved. With her two best friends, Elvira collects clues and investigates humans, banshees, vampires, and ghosts. But when more creatures start disappearing and antimonster attitudes rise, Elvira realizes that her friends could be in real danger. Now time is running out, and Elvira must use her siren powers and sleuthing skills to solve this mystery--or lose everything she loves."-- ‡cProvided by publisher.
5211 . ‡aAges 8-12.
5212 . ‡aGrades 3-7.
650 0. ‡aSirens (Mythology) ‡vJuvenile fiction.
650 0. ‡aChupacabras ‡vJuvenile fiction.
650 0. ‡aMissing persons ‡vJuvenile fiction. ‡0(LARL_NWRL_CONSORTIUM)173418
650 0. ‡aTheft ‡vJuvenile fiction. ‡0(LARL_NWRL_CONSORTIUM)175564
650 0. ‡aCrowns ‡vJuvenile fiction.
655 7. ‡aDetective and mystery fiction. ‡2lcgft
655 7. ‡aFantasy fiction. ‡2lcgft
655 7. ‡aNovels. ‡2lcgft
901 . ‡a466793 ‡bOCoLC ‡c466793 ‡tbiblio ‡soclc

Additional Resources